Chinese (Shanghai) Grand Prix Winners - Statistics

General Stats
  • This quiz has been taken 27 times
  • The average score is 16 of 17
Answer Stats
Year Driver 2nd 3rd % Correct
2013 Fernando Alonso Kimi Raikkonen Lewis Hamilton
100%
2005 Fernando Alonso Kimi Raikkonen Ralf Schumacher
100%
2019 Lewis Hamilton Valtteri Bottas Sebastian Vettel
100%
2017 Lewis Hamilton Sebastian Vettel Max Verstappen
100%
2015 Lewis Hamilton Nico Rosberg Sebastian Vettel
100%
2014 Lewis Hamilton Nico Rosberg Fernando Alonso
100%
2011 Lewis Hamilton Sebastian Vettel Mark Webber
100%
2008 Lewis Hamilton Felipe Massa Kimi Raikkonen
100%
2024 Max Verstappen Lando Norris Sergio Perez
100%
2006 Michael Schumacher Fernando Alonso Giancarlo Fisichella
100%
2016 Nico Rosberg Sebastian Vettel Daniil Kvyat
100%
2012 Nico Rosberg Jenson Button Lewis Hamilton
100%
2010 Jenson Button Lewis Hamilton Nico Rosberg
95%
2009 Sebastian Vettel Mark Webber Jenson Button
95%
2007 Kimi Raikkonen Fernando Alonso Felipe Massa
91%
2018 Daniel Ricciardo Valtteri Bottas Kimi Raikkonen
86%
2004 Rubens Barrichello Jenson Button Kimi Raikkonen
50%
No matching quizzes found
Score Distribution
Percent of People with Each Score
Percentile by Number Answered
Your Score History
You have not taken this quiz